00520nam a2200193Ia 4500003000400000005001700004008004100021020001700062040000700079041000800086082001800094100002300112245008100135260006500216300001700281365001200298650000800310650000800318OSt20250806162623.0210719s2021 xx 000 0 und d a978990219551 cAL aeng a340.0954 GEOI aGeorge Alex Andrew aImportant ACTS that transformed Indiab: for UPSC civil services examination aChennaibMcGraw Hill Education (India) Private Limitedc2021 axvi,463pbPB b375cRs aLaw aLaw